Encuesta de empresarios industriales -informe preliminar- /

Na minha lista:
Detalhes bibliográficos
Autores Corporativos: Costa Rica. Oficina de Planificación Nacional y Política Económica, Costa Rica. Casa Presidencial. Oficina de Información
Formato: Texto
Idioma:Spanish
Publicado em: San José : OFIPLAN,
Tags: Adicionar Tag
Sem tags, seja o primeiro a adicionar uma tag!

MARC

LEADER 00000 a a2200000 04500
001 17080
003 cru IIS
005 20220523153612.0
008 220523b |||||||| |||| 00| 0 spa d
040 |c cru IIS/CRAI 
090 |a 08.01.01 CR8375en 
110 |a Costa Rica. Oficina de Planificación Nacional y Política Económica  
245 |a Encuesta de empresarios industriales -informe preliminar- /  |c Costa Rica. Oficina de Planificación Nacional y Política Económica  
260 |a San José :   |b OFIPLAN,  
300 |a 91 p.  
710 |a Costa Rica. Casa Presidencial. Oficina de Información  
942 |2 z  |c LI  |h 08.01.01 CR8375en  |i 05772  |6 080101_CR8375EN_05772 
999 |c 15322  |d 15322